000 00296nam a2200109 a 4500
005 20140408090011.0
008 021114s19uu xx 00 eng d
050 _aPGS '99
_bBAU #7
100 _aBautista, Kristianne
245 _aA Survey on the eating habits of grade 6-B students.
942 _cPASS
999 _c96157
_d96157